Les consoles de jeux vidéo les plus vendues de l'histoire - Statistiques

Statistiques générales
  • Ce quiz a été pris 33 fois
  • Le résultat moyen est 7 sur 9
Statistiques - réponses
Hint Réponse % Correct
155 M unités PlayStation 2
96%
87 M unités PlayStation 3
96%
117 M unités PlayStation 4
93%
~143 M unités Nintendo Switch
89%
101 M unités Wii
86%
84 M unités Xbox 360
75%
118 M unités Game Boy
68%
154 M unités Nintendo DS
68%
61 M unités NES
39%
Aucun quiz correspondant
Distribution des résultats
% des personnes avec chaque résultat
Percentile par nombre de réponses
Votre historique - résultats
Vous n’avez pas pris ce quiz